| 000 | 00968nam a2200229Ia 4500 | ||
|---|---|---|---|
| 005 | 20240530110934.0 | ||
| 008 | 140319s1988 xx 000 0 ara d | ||
| 040 |
_aGCL / _cGCL |
||
| 082 | 0 | 4 |
_a413 / _bا م |
| 100 | 1 | _aانطوان الدحداح | |
| 245 | 1 | 0 |
_aمعجم مصطلحات الاعراب والبناء فى قواعد العربية العالمية عربى - انكليزى - انكليزى - عربى / _cتاليف انطوان الدحداح ؛ مراجع مارتن ج . مكدرموت ، الياس مطر |
| 250 | _aالاولى | ||
| 260 |
_aبيروت : _bمكتبة لبنان ناشرون ، _c1988 |
||
| 300 |
_aمتعدد ص، _b24 سم |
||
| 650 | 0 | 4 | _aاللغة الانجليزية |
| 650 | 0 | 4 | _aاللغة العربية |
| 650 | 0 | 4 | _aالمعاجم |
| 700 |
_aمارتن ج . مكدرموت _eمراجع |
||
| 700 |
_aالياس مطر _eمراجع |
||
| 942 |
_2ddc _cBK |
||
| 999 |
_c66713 _d66713 |
||